| 000 | 01045nam a2200277Ia 4500 | ||
|---|---|---|---|
| 003 | OSt | ||
| 005 | 20221005110416.0 | ||
| 006 | a|||||r|||| 00| 0 | ||
| 007 | ta | ||
| 008 | 221004b |||||||| |||| 00| 0 hin d | ||
| 020 |
_a9788189859633 (hbk) _c215 |
||
| 024 | _a99298 | ||
| 037 |
_b352, 02/03/2010, Swaraj Prakashan _cTextual |
||
| 040 |
_aCRL _cCRL _bhin |
||
| 041 |
_2hin _ahin |
||
| 082 | _aO152,3N15w, P8 | ||
| 100 | _aखुशवंत सिंह | ||
| 245 | 0 | _aमेरे साक्षात्कार | |
| 246 | _aMere sākṣhātkāra | ||
| 260 |
_aनई दिल्ली _bकिताबघर प्रकाशन भारत _c2008 |
||
| 300 |
_a164पृ0 _ccm. |
||
| 490 | _aमेरे साक्षात्कार सीरीज़ | ||
| 700 | _a महाजन, उषा, संपा. | ||
| 942 |
_hO152,3N15w, P8 _cTEXL _2cc |
||
| 999 |
_c1018717 _d1018717 |
||